Nuevos empresarios (y algunos viejos problemas) /

Hoy existe un mayor control privado de los recursos económicos y la actividad empresarial ha adquirido mayor legitimidad ideológica que en épocas pasadas. El análisis del empresariado, y de contradictorios significados del concepto, muestra que los cambios conviven con limitaciones. Debería de relat...

Fuld beskrivelse

Guardado en:
Bibliografiske detaljer
Hovedforfatter: Durand, Francisco
Format: Texto
Fag:
Tags: Tilføj Tag
Ingen Tags, Vær først til at tagge denne postø!

MARC

LEADER 00000 a a2200000 04500
001 10562
003
040
100 |a Durand, Francisco  
245 |a Nuevos empresarios (y algunos viejos problemas) /  |c Francisco Durand 
520 |a Hoy existe un mayor control privado de los recursos económicos y la actividad empresarial ha adquirido mayor legitimidad ideológica que en épocas pasadas. El análisis del empresariado, y de contradictorios significados del concepto, muestra que los cambios conviven con limitaciones. Debería de relativizarse la idea de una transformación sustantiva en el sector empresarial y en la sociedad en su conjunto. Persisten rasgos de desigualdad y falta de integración social de la elite empresarial tanto en relación con la sociedad civil como en relación con el ahora ampliado concepto de empresario. El aislamiento social de las elites puede dar lugar a procesos políticos futuros que impidan consolidar la gobernabilidad en democracia. No va a ser fácil establecer una relación positiva entre liberalismo económico y político, y generar un consenso más amplio sobre el nuevo modelo económico. REV//jmml  
650 |a EMPRESARIOS  
650 |a SECTOR PRIVADO  
650 |a SOCIEDAD CIVIL  
650 |a NEOLIBERALISMO  
650 |a GRUPOS DE INTERESES  
650 |a ESTADO  
650 |a MERCADO  
773 |g número 151; páginas 73-87  
999 |c 33426  |d 33426